<?xml version="1.0" encoding="UTF-8"?>
<collection xmlns="http://www.loc.gov/MARC21/slim">
<record>
  <controlfield tag="001">117799</controlfield>
  <controlfield tag="005">20220725102148.0</controlfield>
  <datafield tag="037" ind1=" " ind2=" ">
    <subfield code="a">TAZ-TFG-2022-1923</subfield>
  </datafield>
  <datafield tag="041" ind1=" " ind2=" ">
    <subfield code="a">spa</subfield>
  </datafield>
  <datafield tag="100" ind1="1" ind2=" ">
    <subfield code="a">Eugenio Madrid, Belén</subfield>
  </datafield>
  <datafield tag="242" ind1="0" ind2="0">
    <subfield code="a">Patent ductus arteriosus and its surgical techniques</subfield>
  </datafield>
  <datafield tag="245" ind1="0" ind2="0">
    <subfield code="a">El conducto arterioso persistente y sus técnicas quirúrgicas</subfield>
  </datafield>
  <datafield tag="260" ind1=" " ind2=" ">
    <subfield code="a">Zaragoza</subfield>
    <subfield code="b">Universidad de Zaragoza</subfield>
    <subfield code="c">2022</subfield>
  </datafield>
  <datafield tag="506" ind1=" " ind2=" ">
    <subfield code="a">by-nc-sa</subfield>
    <subfield code="b">Creative Commons</subfield>
    <subfield code="c">3.0</subfield>
    <subfield code="u">http://creativecommons.org/licenses/by-nc-sa/3.0/</subfield>
  </datafield>
  <datafield tag="520" ind1=" " ind2=" ">
    <subfield code="a">El Conducto Arterioso Persistente (CAP) o Ductus Arterioso Persistente (DAP) es una de las&lt;br />enfermedades cardíacas congénitas más frecuentes en el perro, cuya prevalencia es de&lt;br />aproximadamente un 25-30%. Este conducto sirve de comunicación entre la arteria pulmonar&lt;br />y la aorta durante el período fetal, ya que los pulmones están colapsados y no son funcionales.&lt;br />Tras el nacimiento, de manera fisiológica se produce el cierre del conducto en el momento de&lt;br />la primera inspiración cuando los alvéolos se expanden por primera vez. En algunas ocasiones&lt;br />esto no se produce, produciendo cambios tales como: dilatación e hipertrofia del ventrículo&lt;br />izquierdo, distensión de la válvula mitral con regurgitación, insuficiencia cardíaca congestiva&lt;br />izquierda, etc. La mayoría de los animales son asintomáticos y el CAP se diagnostica mediante&lt;br />la auscultación de un soplo continuo “en maquinaria”, aunque se puede complementar con&lt;br />radiografía, ecocardiografía Doppler, ecocardiografía transesofágica o electrocardiografía. El&lt;br />tratamiento consiste en el cierre de dicho conducto por oclusión transvascular o mediante&lt;br />ligadura quirúrgica, provocando la recuperación completa de la fisiología cardíaca. Hay&lt;br />pacientes en los que las presiones de la arteria aorta y la arteria pulmonar llegan a ser&lt;br />similares o incluso la presión pulmonar sobrepasa a la sistémica, lo que provoca una inversión&lt;br />del flujo sanguíneo y por consiguiente una futura hipertensión pulmonar. Este suceso se&lt;br />conoce como CAP revertido y el tratamiento mediante cirugía está contraindicado.&lt;br />&lt;br /></subfield>
  </datafield>
  <datafield tag="521" ind1=" " ind2=" ">
    <subfield code="a">Graduado en Veterinaria</subfield>
  </datafield>
  <datafield tag="540" ind1=" " ind2=" ">
    <subfield code="a">Derechos regulados por licencia Creative Commons</subfield>
  </datafield>
  <datafield tag="700" ind1=" " ind2=" ">
    <subfield code="a">Rodríguez Gómez, José</subfield>
    <subfield code="e">dir.</subfield>
  </datafield>
  <datafield tag="710" ind1="2" ind2=" ">
    <subfield code="a">Universidad de Zaragoza</subfield>
    <subfield code="b">Patología Animal</subfield>
    <subfield code="c">Medicina y Cirugía Animal</subfield>
  </datafield>
  <datafield tag="856" ind1="0" ind2=" ">
    <subfield code="f">768267@unizar.es</subfield>
  </datafield>
  <datafield tag="856" ind1="4" ind2=" ">
    <subfield code="s">1872966</subfield>
    <subfield code="u">http://zaguan.unizar.es/record/117799/files/TAZ-TFG-2022-1923.pdf</subfield>
    <subfield code="y">Memoria (spa)</subfield>
  </datafield>
  <datafield tag="909" ind1="C" ind2="O">
    <subfield code="o">oai:zaguan.unizar.es:117799</subfield>
    <subfield code="p">driver</subfield>
    <subfield code="p">trabajos-fin-grado</subfield>
  </datafield>
  <datafield tag="950" ind1=" " ind2=" ">
    <subfield code="a"></subfield>
  </datafield>
  <datafield tag="980" ind1=" " ind2=" ">
    <subfield code="a">TAZ</subfield>
    <subfield code="b">TFG</subfield>
    <subfield code="c">VET</subfield>
  </datafield>
  <datafield tag="999" ind1=" " ind2=" ">
    <subfield code="a">20220621122933.CREATION_DATE</subfield>
  </datafield>
  <datafield tag="951" ind1=" " ind2=" ">
    <subfield code="a">deposita:2022-07-25</subfield>
  </datafield>
</record>
</collection>